=LDR 00000nam 2200000 4500 =001 INLIS000000000039120 =005 20130612144753 =008 ***********************************ind** =035 ##$$a0010-061300000039120 =041 ##$$a ind =082 ##$$a 813 =090 ##$$a 813, Kor d =100 ##$$a Korbel, kathleen =245 ##$$a Dark Seduction =650 ##$$a Fiksi =850 ##$$a NBPNMAT =990 ##$$a 21400613/BPAP-NTB/20142014 =990 ##$$a 0001/BPAP-NTB/20142014 =990 ##$$a 0001/BPAP-NTB/20142014